000 00518nmm a2200169Ia 4500
008 251105s9999||||xx |||||||||||||||||und||
020 _a9788416345175
041 _aspa
100 _aGonzález R. Arnaiz, Graciano
245 0 _aRazones para (con)vivir : perspectivas de racionalidad práctica
264 _a[Madrid, España] :
_bBiblioteca Nueva,
_c2014
300 _a191 páginas
490 _aRazón y Sociedad
650 _aSociology
856 _uhttps://public.digitaliapublishing.com/a/38158
942 _cCF
999 _c77588
_d77588